1838 1863 1901 1252 1412 1787 1903 1622 1182 1034 1333 1145 1181 1237 1109 1230 1324 1293 1005 1485 1375 1491 1373 1778 1487 1998 1810 1163 1560 1240 1539 1617 1564 1088 1455 1989 1846 1108 1592 1775 1697 1899 1916 1497 1463 1145 1209 1866 1671 1343 1528 1956 1812 1593 1950 1482 1140 1153 1442 1531 1389 1907 1438 1371 1726 1235 1046 1628 1255 1261 1590 1852 1123 1786 1656 1470 1994 1642 1148 1541 1727 1129 1968 1631 1980 1427 1635 1298 1283 1323 1401 1984 1169 1825 1639 1193 1141 1138 1079 BCNSPRNW ULIB Ver.6.0+V

เปลี่ยนเป็นภาษาไทย

Change to English
 แสดงรายละเอียดบรรณานุกรม
  กลับหน้าหลัก

Brief Record : Get Marc (ISO 2709) : E-mail record : QR code < ปิดหน้าต่าง
LEADER : 00000nam 2200000uu 4500
001    13399123165
003     ULIB
008    020711s2552 th a 000 0 tha d
020    9789748217932
090    นว.^bฬ111ร ล.1
100    ฬีฬา
110    ยาหยี-ยาใจ
245    รหัสรักในดวงใจ 1/^cฬีฬา
250    พิมพ์ครั้งที่ 2
260    กรุงเทพฯ :^bยาหยี-ยาใจ,^c2552
300    296 หน้า;^b21 ซม.
945    ^p200^l0^i034422
999    ^aเกษร โพธิ์สุวรรณ
รายการนี้ยังไม่มีแท็ก
คุณยังไม่ได้ล็อกอิน คุณสามารถมีกิจกรรมร่วมกับเว็บไซต์ได้ แต่ต้องล็อกอินก่อน ::
  ล็อกอิน

รายการสื่อสารสนเทศ

ลำดับที่ ประเภท เลขเรียก/บาร์โค้ด สถานที่ สถานะ
1. นวนิยาย
นวนิยาย
นว. ฬ111ร ล.1 ฉ.1 
  Barcode: 034422
ห้องสมุดวิทยาเขตสวรรค์ประชารักษ์
►นวนิยาย
บนชั้น
  ขอยืม

รายการใกล้เคียง
    ผู้แต่ง [ฬีฬา]

BibComment


ยังไม่เคยถูกคอมเมนท์

คอมเมนท์ทรัพยากรรายการนี้
  คอมเมนท์: รหัสรักในดวงใจ 1 ..


 Copyright 2026. Bcnsprnw @Library